[Event "IND-ch U19"]
[Site "Pune"]
[Date "2022.07.12"]
[Round "1"]
[White "Sharnarthi, Shlok"]
[Black "Mohamed, Anees M"]
[Result "0-1"]
[WhiteElo "1483"]
[BlackElo "2257"]
[PlyCount "152"]
[EventDate "2022.07.12"]
[EventType "swiss"]
[EventRounds "11"]
[EventCountry "IND"]
[SourceTitle "EXT 2023"]
[Source "ChessBase"]
[SourceDate "2022.10.05"]
[SourceVersion "1"]
[SourceVersionDate "2022.10.05"]
[SourceQuality "1"]

1. e4 c5 2. c3 Nf6 3. e5 Nd5 4. d4 cxd4 5. cxd4 d6 6. exd6 Qxd6 7. Nf3 Nc6 8. Be2 g6 9. Nc3 Bg7 10. 0-0 0-0 11. h3 Rd8 12. a3 Bf5 13. Be3 Rac8 14. Bd3 Bxd3 15. Qxd3 Nxc3 16. bxc3 e5 17. Qb5 exd4 18. cxd4 b6 19. Qa4 Qd7 20. Rad1 Ne5 21. Qxd7 Nxf3+ 22. gxf3 Rxd7 23. Rc1 Rcd8 24. Bg5 Re8 25. Rfe1 Rxe1+ 26. Rxe1 Bxd4 27. Kf1 f6 28. Be3 Bxe3 29. Rxe3 Kf7 30. Kg2 Re7 31. Rc3 Ke6 32. Rc6+ Ke5 33. Kg3 Rf7 34. f4+ Kd5 35. Rc3 b5 36. Kf3 Re7 37. Rd3+ Kc4 38. Rd6 f5 39. Ra6 b4 40. axb4 Kxb4 41. h4 Kb5 42. Ra1 a5 43. Rb1+ Kc4 44. Rc1+ Kb3 45. Rb1+ Kc3 46. Ra1 Ra7 47. Rc1+ Kb2 48. Rc8 a4 49. Rb8+ Kc3 50. Rc8+ Kd4 51. Rd8+ Kc5 52. Rc8+ Kd6 53. Rc1 a3 54. Ke3 a2 55. Ra1 Ra3+ 56. Kd2 Kd5 57. Kc2 Ke4 58. Kb2 Ra7 59. Re1+ Kxf4 60. Ka1 Kf3 61. Re5 Kxf2 62. h5 f4 63. hxg6 hxg6 64. Rg5 Ra6 65. Rb5 f3 66. Rb2+ Kg1 67. Rxa2 Rxa2+ 68. Kxa2 f2 69. Kb3 f1Q 70. Kc3 Qf4 71. Kd3 Kf2 72. Kc3 Ke2 73. Kb2 Kd2 74. Kb3 Qd4 75. Ka3 Kc2 76. Ka2 Qa4# 0-1